000 01180nam0a22002651 4500
001 rc\172716
005 20250620220226.0
035 _a(NLR Aleph) 005434759
090 _a7614795
_c7614795
100 _a20030307d1996 |||y0rusy50 ca
101 0 _arus
102 _aRU
105 _aa |||||||||
200 1 _aОСОБЕННОСТИ протекания тока в композитах из ВТСП и низкотемпературного сверхпроводящего металлооксида Ba (Pb, Bi) O₃
_fМ.И. Петров, Д.А. Балаев, С.В. Оспищев и др.
210 _aКрасноярск
_cИн-т физики
_d1996
215 _a43 с.
_cил.
_d20
225 1 _aПрепринт
_fРос. акад. наук. Сиб. отд-ние. Ин-т физики им. Л.В. Киренского
_v№ 767-Ф
320 _aБиблиогр.: с. 42-43
701 1 _7ca
_8rus
_aПетров
_bМ. И.
_cканд. физ.-мат. наук
_f1947-
_gМихаил Иванович
_9251537
_3RU\NLR\AUTH\770251593
801 0 _aRU
_bNLR
_gpsbo
801 1 _aRU
_bELAR
_2rusmarc
852 _aNLR
_j96-4/16285
942 _cBOOK
980 _aNB